History Quiz

Random History or Century Quiz

'Slinky' Chain: Historical Lifespans Quiz Stats

 Plays Quiz not verified by Sporcle

Score 0/16 Timer 03:00
0 Plays Today
% Correct
James Dean
83.4%
North West
78%
Lionel
Messi
76.6%
Albert
Einstein
76%
Abraham Lincoln
72.8%
Abigail
Adams
61.1%
Maximilien
Robespierre
58.9%
Mary Magdalene
55.1%
% Correct
Mansa Musa
54.3%
Baruch Spinoza
50.4%
Henry VIII
of England
48.4%
Joan of Arc
47.9%
Zheng He
45.1%
Ivan the
Terrible
39.2%
Peter the Great
35.8%
Miguel de
Cervantes
34.9%

You're not logged in!

Compare scores with friends on all Sporcle quizzes.
OR
Log In

Show Comments

Extras

Top Quizzes Today


Score Distribution

Your Account Isn't Verified!

In order to create a playlist on Sporcle, you need to verify the email address you used during registration. Go to your Sporcle Settings to finish the process.

Report this User

Report this user for behavior that violates our Community Guidelines.

Details: